000 00633nam a2200277Ia 4500
005 20260324141925.0
008 008 260324s9999 xx 000 0 eng d
020 _a9781315005324
037 _aEBOOK
040 _aCRL
040 _beng
040 _cCRL
041 _2eng
041 _aeng
084 _qCRL
100 _aW.H.R. Rivers; W.J. Perry
_91210024
245 0 _aSocial Organization
260 _bTaylor and Francis
260 _c1996
365 _a
365 _b150
856 _uhttp://www.taylorfrancis.com/books/9781315005324
942 _cEBOOK
999 _c1813637
_d1813637